Datum a čas kvízu

18 Celkem bodů Celkový počet nahraných bodů na tomto kvízu bez doplňovacích otázek.
7. Pořadí na kvízu Konečné umístění týmu na tomto kvízu.

Zaznamenané odpovědi

# Otázka Odpověď Body Výsledky
1. Premiér Petr Fiala začal natáč... z Kramářovy vily 0
2. Až do pozdní noci se v pondělí... nezvykle dlouhý stůl 1
3. Ve čtvrtek začal již 72. roční... Berlinale 0
4. Jedna automobilka mění podobu... Rolls-Royce 0
5. Basketbalista Tomáš Satoranský... San Antonio Spurs 0
6. Začneme jedním ze základních k... H = hard (tvrdý), B = black (černý) 0.5
7. Jak se nazývá kreslicí materiá... rudka 0
8. Který renesanční umělec je aut... Leonardo da Vinci 1
9. Na obrázku vidíme typ mikrotuž... verzatilka (versatilka) 1
10. Firma Koh-i-noor Hardtmuth je... v Českých Budějovicích 1